00859nam a2200217 a 450000100100000000500170001000800410002704000250006808200180009310000420011124501140015326000720026730000200033965000290035965000310038865000310041970000430045004900090049395201220050299900170062400002298520200930021920.0101124s1988 sp r 000 p spa d aDO-SdBNPbspacBNPHU a861.64bP259r1 aParras de la Rosa, Ma. Jesús94726210aRemansos de amor y de poesía :bsonetos /cMa. Jesús Parras de la Rosa ; prólogo José Jurado Morales. aBarcelona, (España) :bAgrupación Hispana de Escritores,c1988. a41 p. ;c22 cm. 4aPoesía española9631 4aLiteratura española9632 4aSonetos españoles9396541 aJurado Morales, Joséepról.925379 aBNGR 001054708MOaGRbGRcCTd2010-11-24iLF1l0o861.64 P259rp22985-10r2020-06-25w2020-06-25y4ZPréstamo en sala c22482d22482